000 00561nam a2200181 a 4500
001 000039901
003 DO-SdBNP
005 20250714110749.0
008 130729s1976 dr 000 0 spa d
040 _aDO-SdBNP
_bspa
_cBNPHU
110 2 _aBanco Central de la República Dominicana
_983405
245 1 0 _aFuentes y usos de fondos 1976 /
_cprólogo Rodolfo Soto Bello.
260 _aSanto Domingo :
_bBanco Central,
_c1976.
300 _a66 p. ;
_c28 cm.
500 _aTexto a dos columnas
700 1 _aSoto Bello, Rodolfo
_epról.
_932251
942 _2ddc
_cLBS1
999 _c39391
_d39391